000
00273nam a22001217a 4500
999
_c
153949
_d
153949
082
_a
_b
100
_a
Alexis Leon
100
_a
Mathews Leon
245
_a
Introduction to computers/
_c
by Alexis Leon and Mathews Leon.
260
_a
_b
_c
650
_a
942
_c
BK